Biblioteca

The fourth gospel (Registro nro. 46068)

Detalles MARC
000 -LÍDER
Campo fijo de descripción fija 01301aam a2200325 i 4500
001 - NÚMERO DE CONTROL
Campo de control 768714001
003 - IDENTIFICADOR DEL NÚMERO DE CONTROL
Campo de control CO-MdFUSB
005 - FECHA Y HORA DE LA ULTIMA TRANSACCIÓN
control field 20201027105829.0
007 - CAMPO FIJO DE DESCRIPCIÓN FIJA--INFORMACIÓN GENERAL
Campo fijo de descripción fija ta
008 - ELEMENTOS DE LONGITUD FIJA -- INFORMACIÓN GENERAL
Campo fijo de descripción fija -- Información general 200517t1947 enk |||| |||| 00| 0 enk d
020 ## - NÚMERO INTERNACIONAL NORMALIZADO PARA LIBROS
Número Internacional Normalizado del libro [No incluye ISBN]
040 ## - FUENTE DE CATALOGACIÓN
Idioma de catalogación spa.
Agencia de catalogación original CO-MdFUSB
Agencia que realiza la transcripción CO-MdFUSB
Agencia que realiza la modificación CO-MdFUSBC
Convenciones de la descripción rda
041 ## - CÓDIGO DE IDIOMA
Código de idioma para texto/pista de sonido o título separado eng
082 ## - NÚMERO DE CLASIFICACIÓN DECIMAL DEWEY
Número de la edición del Dewey 23
Número de clasificación 226.507
Clave de autor-Numero de item H826
100 1# - ASIENTO PRINCIPAL--NOMBRE PERSONAL
Nombre personal Hoskyns, Edwyn Clement
Término relacionador autor
245 14 - TÍTULO
Título del Material The fourth gospel
Mención de responsabilidad, etc. / Edwyn Clement Hoskyns ; editado por Francis Noel Davey
264 #1 - PRODUCCIÓN, PUBLICACIÓN, DISTRIBUCIÓN, MANUFACTURA, Y COPYRIGHT
Lugar de producción, publicación, distribución, manufactura Londres :
Nombre del productor, publicador, distribuidor Faber and Faber,
Fecha de producción, publicación, distribución, manufactura, o copyright [1947]
264 #4 - PRODUCCIÓN, PUBLICACIÓN, DISTRIBUCIÓN, MANUFACTURA, Y COPYRIGHT
Fecha de producción, publicación, distribución, manufactura, o copyright © 1947
300 ## - DESCRIPCIÓN FÍSICA
Extensión 2 volúmenes
Dimensiones ; 23 cm
336 ## - TIPO DE CONTENIDO
Término de tipo de contenido texto
Código de tipo de contenido txt
Fuente rdacontent
337 ## - TIPO DE MEDIO
Fuente rdamedia
Nombre del tipo de medio sin mediación
Código del tipo de medio n
338 ## - TIPO DE SOPORTE
Fuente rdacarrier
Nombre del tipo de soporte volumen
Código Tipo de soporte nc
505 ## - NOTA DE CONTENIDO
Nota de contenido con formato preestablecido Volumen 1: Introducción - El problema del cuarto Evangelio - La controversia - El evangelista y sus lectores - La tensión histórica del cuarto Evangelio - La autoridad del cuarto Evangelio - El cuarto Evangelio en el siglo II - La tensión teológica del cuarto evangelio - Comentario sobre Juan 1-6 - \ Volumen 2: Comentario sobre Juan 7-21
563 ## - NOTA DE ENCUADERNACIÓN
Nota de encuadernación Pasta dura
630 #7 - TITULO UNIFORME
Título uniforme Biblia.
Nombre de parte o sección de la obra Juan
Subdivisión de materia general Crítica, interpretación, etc.
700 ## - ASIENTO SECUNDARIO - NOMBRE PERSONAL
9 (RLIN) 3760
Nombre personal Davey, Francis Noel
Responsabilidad editor
942 ## - TIPO DE MATERIAL (KOHA)
Tipo de Item KOHA Libros General
945 ## - INFORMACIÓN LOCAL DEL REGISTRO
Catalogador JTF-925
Existencias
Estado de Material Estado de Perdido Forma de Clasificación Volumen-Parte/Tomo Estado de Dañado No para Préstamo Colección Tomo Biblioteca de Origen Biblioteca Permanente Fecha de Adquisición Área Total de Préstamos Signatura Topográfica Código de Barras Última vez visto Ejemplar/Existencia Fecha de Remplazo Tipo de Material
    Dewey Decimal Classification 1     Colección General   Biblioteca FUSBC Biblioteca FUSBC 17/05/2020 BIBLIA   G 226.507 H826f 19779 12/12/2019 Vol.1, Ej.1 26/01/2016 Libros General
    Dewey Decimal Classification 2     Colección General   Biblioteca FUSBC Biblioteca FUSBC 17/05/2020 BIBLIA   G 226.507 H826f 19780 12/12/2019 Vol.2, Ej.1 26/01/2016 Libros General

Biblioteca FUSBC | Teléfono: (57+4) 349 88 10 Ext. 141| WhatsApp (+57) 3005338115 
E-mail: biblioteca@unisbc.edu.co | Calle 76 87-14 Robledo Palenque, Medellín, Colombia

Con tecnología Koha